| 000 -LEADER |
| fixed length control field |
00620nam a22001337a 4500 |
| 020 ## - INTERNATIONAL STANDARD BOOK NUMBER |
| ISBN |
1863201793 |
| 040 ## - CATALOGING SOURCE |
| Transcribing agency |
DLC |
| 082 ## - DEWEY DECIMAL CLASSIFICATION NUMBER |
| Classification number |
633 CHA 1996 C283 Or. |
| 100 ## - MAIN ENTRY--AUTHOR NAME |
| Personal name |
B. R. Champ, E. Highley, G. I. Johnson, Group for Assistance on Systems Relating to Grain after Harvest |
| 245 ## - TITLE STATEMENT |
| Title |
Grain drying in Asia : |
| Remainder of title |
proceedings of an international conference held at the FAO Regional Office for Asia and the Pacific, Bangkok, Thailand, 17-20 October 1995 |
| 260 ## - PUBLICATION, DISTRIBUTION, ETC. (IMPRINT) |
| Name of publisher |
Australian Centre for International Agricultural Research Canberra, |
| Year of publication |
1966 |
| 300 ## - PHYSICAL DESCRIPTION |
| Number of Pages |
410 pages : |
| Other physical details |
illustrations (some color) ; |
| Dimensions |
24 cm |
| 942 ## - ADDED ENTRY ELEMENTS (KOHA) |
| Koha item type |
ADB |
| 952 ## - LOCATION AND ITEM INFORMATION (KOHA) |
| Withdrawn status [LOCAL, KOHA] |
0 |